Fundamentals of classical thermodynamics (Record no. 14470)

000 -LEADER
fixed length control field 00490nam a22001937a 4500
001 - CONTROL NUMBER
control field 14470
003 - CONTROL NUMBER IDENTIFIER
control field BD-DhUET
008 - FIXED-LENGTH DATA ELEMENTS--GENERAL INFORMATION
fixed length control field 150308b xxu||||| |||| 00| 0 eng d
040 ## - CATALOGING SOURCE
Transcribing agency 0
Modifying agency BD-DhUET
082 ## - DEWEY DECIMAL CLASSIFICATION NUMBER
Classification number 536.7
Item number VAN/1985
100 ## - MAIN ENTRY--PERSONAL NAME
Personal name Van Wylen, Gordon J.
245 ## - TITLE STATEMENT
Title Fundamentals of classical thermodynamics
250 ## - EDITION STATEMENT
Edition statement 3rd ed.
260 ## - PUBLICATION, DISTRIBUTION, ETC. (IMPRINT)
Place of publication, distribution, etc. New York
Name of publisher, distributor, etc. John Wiley & Sons
Date of publication, distribution, etc. 1985
300 ## - PHYSICAL DESCRIPTION
Extent xiv, 722 p.
650 #0 - SUBJECT ADDED ENTRY--TOPICAL TERM
Topical term or geographic name as entry element Thermodynamics
700 ## - ADDED ENTRY--PERSONAL NAME
Personal name Sonntag, Richard E.
942 ## - ADDED ENTRY ELEMENTS (KOHA)
Koha item type General Book
Holdings
Koha normalized classification for sorting Shelving location Copy number Location (home branch) Price effective from Lost status Damaged status Source of classification or shelving scheme Piece designation (barcode) Sublocation or collection (holding branch) Koha item type Koha date last borrowed Koha full call number Withdrawn status Koha issues (times borrowed) Koha date last seen Not for loan Date acquired
536_700000000000000_VAN_1985Circulation section1Central Library, BUET2015-03-08   68588Central Library, BUETGeneral Book2025-05-26536.7/VAN/1985 22025-06-23 2015-03-08
536_700000000000000_VAN_1985Circulation section2Central Library, BUET2015-03-10   68590Central Library, BUETGeneral Book2023-04-30536.7/VAN/1985 42023-05-08 2015-03-10
536_700000000000000_VAN_1985Circulation section3Central Library, BUET2015-03-10   68592Central Library, BUETGeneral Book2023-12-02536.7/VAN/1985 22023-12-11 2015-03-10
536_700000000000000_VAN_1985Circulation section4Central Library, BUET2015-03-16   68589Central Library, BUETGeneral Book2023-12-02536.7/VAN/1985 22024-02-18 2015-03-16